El sufragio en Costa Rica ante la historia y la legislación /
Salvato in:
| Altri autori: | , |
|---|---|
| Natura: | Sconosciuto |
| Lingua: | Spanish |
| Pubblicazione: |
San José, Costa Rica :
Editorial Costa Rica,
1978.
|
| Serie: | (Biblioteca Patria)
|
| Soggetti: | |
| Tags: |
Aggiungi Tag
Nessun Tag, puoi essere il primo ad aggiungerne!!
|
MARC
| LEADER | 000000000a22000000004500 | ||
|---|---|---|---|
| 001 | 003791 | ||
| 041 | 0 | |a spa | |
| 082 | 0 | 4 | |a 324.620.9 |b G643s |
| 245 | 1 | 3 | |a El sufragio en Costa Rica ante la historia y la legislación / |c Cleto González Víquez, compilador ; Fernando Volio Jiménez, prólogo. |
| 260 | 1 | |a San José, Costa Rica : |b Editorial Costa Rica, |c 1978. | |
| 300 | |a 315 páginas | ||
| 490 | 1 | |a (Biblioteca Patria) | |
| 650 | 4 | |a SUFRAGIO | |
| 650 | 4 | |a LEGISLACION | |
| 650 | 4 | |a HISTORIA | |
| 650 | 4 | |a COSTA RICA | |
| 700 | 1 | |a González Víquez, Cleto, |d 1858-1937, |e compilador | |
| 700 | 1 | |a Volio Jiménez, Fernando, |e prólogo | |
| 999 | |c 10195 |d 10195 | ||
| 942 | |c BK |h 324.620.9 G643s |2 z | ||
